000 00986nam a2200289I 4500
001 6985
003 BDjRUL
005 20211208234341.0
008 140113s1983 maua 001 0 eng d
020 _a066906723-7
035 _a(BDjRUL)7027
035 _a(OCoLC)08883918
035 _aGLIS00131665
040 _cMYG
_aBD-RjUL
_beng
041 _aeng
082 _223
_a330.973
_bWIA 1983
090 _aJK274
_b.W67 1982
099 _aJK274.W67 1982
100 1 _aWilson, James Q.
_921904
245 1 0 _aAmerican government :
_binstitutions and policies /
_cJames Q. Wilson ; [charts and graphs by B.J. & F.W. Taylor ; ill. by Terry Presnall and Irene Roman/Gwen Goldstein ; cartography by Norman C. Adams.]
260 _aLexington, Mass. :
_bD. C. Heath,
_cc1983 [i.e. 1982].
300 _axx, 693 p. :
_bill. ;
_c25 cm.
504 _aIncludes bibliographies and indexes.
651 0 _aUnited States
_xPolitics and government.
_921905
942 _2ddc
_cBK
999 _c6985
_d6985